Personnalités mortes en 2021 - Statistiques

Statistiques générales
  • Ce quiz a été pris 64 fois
  • Le résultat moyen est 6 sur 25
Statistiques - réponses
Indice Réponse % Correct
Ancien président de l'Olympique de Marseille, homme d'affaire, politique, chanteur, acteur... Bernard Tapie
74%
Le Magnifique ou le Professionnel ; il a droit à un hommage national Jean-Paul Belmondo
74%
Célèbre avec son frère jumeau dans la vulgarisation scientifique à la télévision Grichka Bogdanoff
72%
Il épouse Elisabeth de Windsor en 1947, puis devient Roi consort du Royaume-Uni. Philip Mountbatten
68%
Acteur français des plus célèbres pour ses rôles dans Le sens de la fête ou Le goût des autres Jean-Pierre Bacri
62%
Président de la République algérienne pendant presque 20 ans, démissionnaire en 2019 Abdelaziz Bouteflika
51%
Chanteur, sa carrière a décollé avec Où sont les femmes ? Patrick Juvet
38%
Il a été l'un des danseurs étoiles de l'Opéra de Paris les plus célèbres Patrick Dupond
32%
Il a présenté Thalassa de 1975 à 2017 Georges Pernoud
30%
Père de la caméra cachée Jean-Yves Lafesse
30%
Actrice, elle fut aussi l'épouse d'Alain Delon et mère d'Anthony Delon Nathalie Delon
19%
Journaliste, patron emblématique de TF1 Étienne Mougeotte
17%
Batteur des Rolling Stones Charlie Watts
13%
Il a été le plus grand pilote moto français puis directeur du Rallye Dakar Hubert Auriol
11%
Courier cycliste centenaire aux multiples exploits Robert Marchand
11%
Elle a été Ministre chargée des Affaires européennes en 2017 et députée européenne pendant 17 ans Marielle de Sarnez
9%
Homme politique et homme d'affaire décédé dans le crash de son hélicoptère Olivier Dassault
9%
Ultime compagnon de la Libération. Résistant puis homme politique. Hubert Germain
8%
Président du Tchad en activité mort au combat Idriss Déby
8%
Scientifique, Président de la Ligue nationale contre le cancer Axel Kahn
6%
Acteur canadien récompensés aux Oscars, Golden Globes, Emmy Awards and BAFA Christopher Plummer
4%
Considéré comme un des plus grands interviewers américains, ils sa propre émission sur CNN de 1985 à 2010 Larry King
4%
Acteur américain, un des trois seuls acteurs à avoir reçu deux prix d'interprétation à Cannes Dean Stockwell
0%
Icone du cinéma, du théâtre et du cabaret. Reconnue pour Vacances explosives ou Les femmes sont marrantes Marthe Mercadier
0%
Vice-président des États-Unis sous Jimmy Carter, candidat malheureux face à Reagan Walter Mondale
0%
Aucun quiz correspondant
Distribution des résultats
% des personnes avec chaque résultat
Percentile par nombre de réponses
Votre historique - résultats
Vous n’avez pas pris ce quiz